The leader who had no title : (Record no. 3600)

MARC details
000 -LEADER
fixed length control field 01096cam a2200193 4500
001 - CONTROL NUMBER
control field 4355
005 - DATE AND TIME OF LATEST TRANSACTION
control field 20181127173236.0
008 - FIXED-LENGTH DATA ELEMENTS--GENERAL INFORMATION
fixed length control field 090925s2010 nyu 000 0 eng
010 ## - LIBRARY OF CONGRESS CONTROL NUMBER
LC control number 2009037802
020 ## - INTERNATIONAL STANDARD BOOK NUMBER
International Standard Book Number 13:9788184951196
International Standard Book Number 9781439171868 (ebook)
100 1# - MAIN ENTRY--PERSONAL NAME
Personal name Sharma, Robin S.
Fuller form of name (Robin Shilp),
Dates associated with a name 1964-
245 14 - TITLE STATEMENT
Title The leader who had no title :
Remainder of title a modern fable on real success in business and in life /
Statement of responsibility, etc. Robin Sharma.
250 ## - EDITION STATEMENT
Edition statement 1st Free Press hardcover ed.
260 ## - PUBLICATION, DISTRIBUTION, ETC.
Place of publication, distribution, etc. Ahmedabad :
Name of publisher, distributor, etc. Jaico Pub,
Date of publication, distribution, etc. 2010.
300 ## - PHYSICAL DESCRIPTION
Extent xiii, 203 p. ;
Dimensions 21 cm.
505 0# - FORMATTED CONTENTS NOTE
Formatted contents note Leadership and success is your birthright -- My meeting with a leadership mentor -- The sad costs of mediocrity and the spectacular rewards of leadership mastery -- The first leadership conversation: you need no title to be a leader -- The second leadership conversation: turbulent times build great leaders -- The third leadership conversation: the deeper your relationships, the stronger your leadership -- The fourth leadership conversation: to be a great leader, first become a great person.
650 #0 - SUBJECT ADDED ENTRY--TOPICAL TERM
Topical term or geographic name entry element Leadership.
Holdings
Withdrawn status Lost status Source of classification or shelving scheme Damaged status Not for loan Collection code Home library Current library Shelving location Date acquired Serial Enumeration / chronology Inventory number Total Checkouts Total Renewals Full call number Barcode Date last seen Date last checked out Price effective from Koha item type
    Dewey Decimal Classification     Main TEST RTC Library RTC Library Main opac 03/09/2021 7902 9 4 658 SHA 30006950 07/09/2023 07/08/2023 27/11/2018 Main
Royal Thimphu College || All Right Reserved